Bryson City seasons : more tales of a doctor's ... Read More
Available copies
- 1 of 1 copy available at LARL/NWRL Consortium.
Current holds
0 current holds with 1 total copy.
Show Only Available Copies
| Location | Call Number / Copy Notes | Barcode | Shelving Location | Status | Due Date |
|---|---|---|---|---|---|
| Thief River Falls Public Library | LAR (Text) | 35500005652167 | Main | Available | - |
Record details
- ISBN: 0310252873
- ISBN: 9780310252870
- Physical Description: 317 p. : ill. ; 21 cm.
- Publisher: Carmel, NY : Guideposts, c2004.
Content descriptions
| Bibliography, etc. Note: | Includes bibliographical references. |
Search for related items by subject
| Subject: | Larimore, Walter L. Physicians > North Carolina > Bryson City > Biography. Medicine, Rural > North Carolina > Bryson City. |
| LDR | 00968nam a2200265Ka 4500 | ||
|---|---|---|---|
| 001 | 183108 | ||
| 003 | LARL_NWRL_CONSORTIUM | ||
| 005 | 20100520113442.0 | ||
| 008 | 060309s2004 nyua b 000 0aeng | ||
| 020 | . | ‡a0310252873 | |
| 020 | . | ‡a9780310252870 | |
| 035 | . | ‡a(OCoLC)64584996 | |
| 040 | . | ‡aKKM ‡cKKM ‡dCIRBC | |
| 049 | . | ‡aNRG | |
| 092 | . | ‡a610.92 ‡bL323b | |
| 100 | 1 | . | ‡aLarimore, Walter L. ‡0(LARL_NWRL_CONSORTIUM)130237 |
| 245 | 1 | 0. | ‡aBryson City seasons : ‡bmore tales of a doctor's practice in the Smoky Mountains / ‡cWalt Larimore. |
| 260 | . | ‡aCarmel, NY : ‡bGuideposts, ‡cc2004. | |
| 300 | . | ‡a317 p. : ‡bill. ; ‡c21 cm. | |
| 504 | . | ‡aIncludes bibliographical references. | |
| 600 | 1 | 0. | ‡aLarimore, Walter L. ‡0(LARL_NWRL_CONSORTIUM)130237 |
| 650 | 0. | ‡aPhysicians ‡zNorth Carolina ‡zBryson City ‡vBiography. | |
| 650 | 0. | ‡aMedicine, Rural ‡zNorth Carolina ‡zBryson City. | |
| 901 | . | ‡a183108 ‡bISxN ‡c183108 ‡tbiblio | |

Add to basket
Permalink
Disable Highlighting